Vista normal Vista MARC

Entrada Materia (personas)

Número de registros utilizados en: 1

001 - CONTROL NUMBER

  • control field: 158831

003 - CONTROL NUMBER IDENTIFIER

  • control field: Co-BoUCM

005 - DATE AND TIME OF LATEST TRANSACTION

  • control field: 20211110120353.0

008 - FIXED-LENGTH DATA ELEMENTS

  • fixed length control field: 211110|| aca||aabn | a|a d

040 ## - CATALOGING SOURCE

  • Original cataloging agency: Co-BoUCM
  • Transcribing agency: Co-BoUCM

100 ## - HEADING--PERSONAL NAME

  • Personal name: FERNANDEZ, Maria Teresa; Trad

670 ## - SOURCE DATA FOUND

  • Source citation: Work cat.: (Co-BoUCM)34815: Parry, J.H. 158830, Europa y la expansion del mundo, 1415-1715, 1968